000 01782nam0a2200373 i 4500
001 RU\NLR\BIBL_A\010007535
005 20260407141253.0
010 _a9785829012847
_9500
021 _aRU
_b2013-83023
_95740
035 _a(NILC)RuMoRGB-006681695
035 _a(NLR Aleph) 010007535
090 _a9834594
_c9834594
100 _a20131125d2013 um y0rusy50 ca
101 0 _arus
102 _aRU
105 _ay|||j|||000zy
200 1 _aИстория политических и правовых учений Нового и Новейшего времени
_eхрестоматия
_fЛенинградский гос. ун-т им. А. С. Пушкина
_g[сост.: С. В. Стрельников]
210 _aСанкт-Петербург
_cЛГУ
_d2013
215 _a339 с.
_d20
606 1 _aПраво
_jХрестоматии для высших учебных заведений
_xИстория
_91234124
_3RU\NLR\AUTH\66185804
606 _aПолитические учения
_jХрестоматии для высших учебных заведений
_xИстория
_91169778
_3RU\NLR\AUTH\66151523
675 _a[32-027.21(091)
675 _a340.15](076.6)
686 1 _aХ2(0)53
686 1 _aХ1(0)53
702 1 _aСтрельников
_bС. В.
_gСергей Витальевич
_4220
712 0 2 _4570
_aЛенинградский государственный областной университет им. А. С. Пушкина
_cПушкин, Санкт-Петербург
_3RU\NLR\AUTH\8810008984
_9515701
801 0 _aRU
_bRuMoRKP
_c20131014
_gRCR
801 2 _aRU
_bРГБ
_c20131031
_grcr
801 1 _aRU
_bRuMoRKP
_c20131014
_2rusmarc
942 _cBOOK
980 _aNBR